000 00397nam a2200157Ia 4500
999 _c30292
_d30292
003 OSt
005 20250811115106.0
008 250310s9999||||xx |||||||||||||| ||und||
040 _c.
082 _a813.52
_bS6317
100 _96185
_aSlaughter, Frank G.
245 0 _aDavid, warrior and king /
_cFrank G. Slaughter
260 _aLondon :
_bHutchinson
_c1963.
300 _a411 p.
942 _cBK
_2ddc